Hạn cuối cùng truyện vừa

Na minha lista:
Detalhes bibliográficos
Autor principal: Raxpuchin, Valentin
Outros Autores: Lê Khánh Trường (dịch)
Formato: Livro
Idioma:Vietnamese
Publicado em: Đà Nẵng Hội văn học nghệ thuật Quảng Nam - Đà Nẵng 1986
Assuntos:
Tags: Adicionar Tag
Sem tags, seja o primeiro a adicionar uma tag!
Thư viện lưu trữ: Mạng thư viện Đại học Đà Nẵng
LEADER 01134nam a2200325 4500
001 000004947
003 1089
005 20120411090420.0
008 110805s1986 viesd
020 |c 20000 đ 
041 0 |a vie 
082 |a 891.7  |b RA-V 
100 1 |a Raxpuchin, Valentin 
245 0 |a Hạn cuối cùng  |b truyện vừa  |c Valentin Raxpuchin, Alexandr Dyrdin giới thiệu; Lê Khánh Trường dịch 
260 |a Đà Nẵng  |b Hội văn học nghệ thuật Quảng Nam - Đà Nẵng  |c 1986 
300 |a 399 tr.  |c 19 cm 
653 |a Văn học Nga 
653 |a truyện vừa 
700 |a Lê Khánh Trường  |e dịch 
910 |a Minh  |d 05/08/2011 
OWN |a LSP 
AVA |a UDN50  |b LSP  |d 891.7 RA-V  |e unavailable  |t Error 5002 Not defined in file expand_doc_bib_avail.  |f 1  |g 1  |h N  |i 0  |k 1 
999 |a From the UDN01 
AVA |a UDN50  |b LSP  |d 891.7 RA-V  |e unavailable  |t Error 5002 Not defined in file expand_doc_bib_avail.  |f 1  |g 1  |h N  |i 0  |k 1 
TYP |a Monograph 
TYP |a Printed language 
980 |a Mạng thư viện Đại học Đà Nẵng